Memoria 2015-2016. Diez años sembrando Sueños, Cosechando esperanza (Record no. 9477)

MARC details
000 -LEADER
campo de control de longitud fija 00465nam a2200145Ia 4500
001 - NÚMERO DE CONTROL
campo de control 4627
008 - DATOS DE LONGITUD FIJA--INFORMACIÓN GENERAL
campo de control de longitud fija 241024s9999 xx 000 0 und d
082 ## - NÚMERO DE LA CLASIFICACIÓN DECIMAL DEWEY
Número de clasificación RD/352.09793/C755m/2015-2016
100 ## - ENTRADA PRINCIPAL--NOMBRE DE PERSONA
Nombre de persona Consejo del Plan Estratégivo de Desarrollo de la Provincia Espaillat (PEDEPE)
245 #0 - MENCIÓN DEL TÍTULO
Título Memoria 2015-2016. Diez años sembrando Sueños, Cosechando esperanza
260 ## - PUBLICACIÓN, DISTRIBUCIÓN, ETC.
Nombre del editor, distribuidor, etc. Santo Domingo
Fecha de publicación, distribución, etc. 2016
590 ## - NOTA LOCAL (RLIN)
Nota local si
901 ## - ELEMENTOS DE DATOS A LOCAL LDA (RLIN)
a 12/5/2017 11:27:38 a.m.

No items available.

© 2024. Todos los Derechos Reservados. Desarrollado por IDEICE